LIBRARY & INFORMATION CENTRE, KCAET, TAVANUR

ONLINE PUBLIC ACCESS CATALOGUE (OPAC)

Introduction to fiber optics / (Record no. 13347)

MARC details
000 -LEADER
fixed length control field 00423cam a2200157ua 4500
003 - CONTROL NUMBER IDENTIFIER
control field OSt
008 - FIXED-LENGTH DATA ELEMENTS--GENERAL INFORMATION
fixed length control field 250101b |||||||| |||| 00| 0 eng d
020 ## - INTERNATIONAL STANDARD BOOK NUMBER
ISBN 9788175960626
082 ## - DEWEY DECIMAL CLASSIFICATION NUMBER
Classification number 621.3692
Item number GHA/IN
100 ## - MAIN ENTRY--AUTHOR NAME
Personal name Ghatak, Ajoy .
245 ## - TITLE STATEMENT
Title Introduction to fiber optics /
260 ## - PUBLICATION, DISTRIBUTION, ETC. (IMPRINT)
Place of publication Cambridge :
Name of publisher Cambridge University Press ,
Year of publication 1999.
300 ## - PHYSICAL DESCRIPTION
Number of Pages 565 ; .
700 1# - ADDED ENTRY--PERSONAL NAME
Personal name Thyagarajan, K .
942 ## - ADDED ENTRY ELEMENTS (KOHA)
Koha item type Books
Holdings
Withdrawn status Lost status Damaged status Home library Current library Date acquired Full call number Accession Number Koha item type Collection code Shelving location Source of acquisition Cost, normal purchase price
      KAUAET KAUAET 07/04/2012 621.3692 GHA/IN 21920 Books        
      KAUAET KAUAET 30/03/2013 621.3692 GHA/IN 23697 Books Non-fiction General Stacks Calicut Book Distributors 395.00
free website counter